000 01013nam a22002177a 4500
999 _c22236
_d22236
003 AR-CdUCM
008 190425b ||||| |||| 00| 0 spa d
040 _aMUNICIPALIDAD PROVINCIAL DEL CUSCO
_cBIBLIOTECA MUNICIPAL DEL CUSCO
082 _aChumpiwillkas/N°4/2007
245 _aChumpiwillkas :
_brevista cultural /
_cSisko F. Rendón Cusi, Director
260 _aSanto Tomas.
_bChumpiwillkas,
_c2007.
300 _a39 páginas. :
_bilustraciones ;
_c30 cm.
440 _aChumpiwillkas.
_nAño 4, N°4, junio 2007.
_947720
505 _aContenido: Pancho Gómez Negrón. -- Municipalización de la educación. -- La mujer campesina escalando peldaños. -- Cuentos. -- Ponchito rojo y otros motivos. -- Whawana Marka de los primeros Chuipiwillkas. -- Breve historia del Club Qorilazo. -- El quechua dulce hablar a través del tiempo. ...
650 _aEducación
_9460
650 _aFolklore
_947716
650 _aChumbivilcas
_910499
700 _aRendón Cusi, Sisko
_947721
942 _2ddc
_cPP
945 _arac